000 00677nam a2200205Ia 4500
005 20250507130329.0
008 008 250505s9999 xx 000 0 eng d
020 _a9780804749770
037 _aAnnuals, Advances
040 _aEASL
_beng
_cEASL
041 _aeng
_2eng
084 _aZ42,1945.N22, P5;1
_qEASL
100 _aSchencking J.Charles Au.
_9664958
245 0 _aMaking Waves:politics,propaganda,and the emergence of the imperial Japanese Navy,1868-1922
260 _aUSA
_bStanford Stanford University press
_c2005
300 _ax,283p.
365 _aY
_b8,190
942 _cTEXL
_hZ42,1945.N22, P5;1
999 _c1319056
_d1319056